Statistics for -I Vocabulary Words

Click here to take the quiz!

General Stats

  • This quiz has been taken 128 times
  • The average score is 12 of 20

Answer Stats

definitionword% Correct
2-piece swimsuitbikini
98%
evidence of being elsewhere
when a crime was committed
alibi
96%
Japanese paper-folding artorigami
91%
New Zealand flightless birdkiwi
88%
long Indian wrap-around garmentsari
80%
freelance photographers who take
candid photos of famous people
paparazzi
79%
squid, especially when cookedcalamari
78%
the commonest Italian pasta varietyspaghetti
77%
hot pepperchili
70%
small cucumber-like vegetablezucchini
61%
garlic-flavoured mayonnaiseaioli
56%
green vegetablebroccoli
51%
breakfast cereal, orginally Swissmuesli
49%
the Greek letter ψpsi
39%
Indian flat breadchapatti
38%
rum and lime cocktaildaiquiri
33%
spicy Italian sausagepepperoni
29%
wealthy attenders of fashionable eventsglitterati
24%
straw mats in Japanese housestatami
21%
Afghanistan's currencyafghani
16%

Score Distribution

Percentile by Number Answered

Percent of People with Each Score

Your Score History

You have not taken this quiz